Statystyki dla Państwa w których mieszka najwięcej Polaków

Kliknij tutaj aby rozwiązać quiz!

Ogólne statystyki

  • Ten quiz został rozwiązany 920 razy
  • Średni wynik to 15 z 20

Statystyki odpowiedzi

HintOdpowiedź% Poprawnych
2.2 mlnNiemcy
98%
1.10 mlnStany Zjednoczone
95%
5.1 mlnFrancja
88%
8.400 tys.Rosja
87%
4.1,1 mlnUkraina
86%
13.100 tys.Czechy
85%
11.200 tys.Wielka Brytania
84%
7.800 tys.Kanada
83%
3.1,5 mlnBrazylia
80%
20.50 tys.Włochy
79%
10.350 tys.Litwa
76%
15.100 tys.Szwecja
74%
6.1 mlnBiałoruś
69%
9.350 tys.Argentyna
65%
16.80 tys.Łotwa
63%
18.50 tys.Austria
60%
17.70 tys.Belgia
59%
19.50 tys.Grecja
58%
12.200 tys.Australia
56%
14.100 tys.Kazachstan
25%

Rozkład punktacji

Percentyl według liczby udzielonych odpowiedzi

Procent ludzi z każdym wynikiem

Twoja historia wyników

Nie rozwiązałeś tego quizu